000 01856cam a2200517Ii 4500
999 _c55
_d55
001 43450712
003 OCoLC
005 20190724143730.0
008 000214t20001998nyu j 000 1 eng
010 _a 97005850
020 _a0141307021
_q(pbk.)
020 _a9780141307022
_q(pbk.)
035 _a(OCoLC)43450712
_z(OCoLC)423010983
040 _aDLC
_beng
_cOCO
_dKH8
043 _an-us-ny
049 _aNYPP
082 0 4 _aFIC GRI
091 _aFIC
100 1 _aGrimes, Nikki.
_eauthor
245 1 0 _aJazmin's notebook /
_cNikki Grimes.
250 _a1st ed.
264 1 _aNew York :
_bPuffin Books,
_c2000.
264 4 _c℗♭1998.
300 _a102 pages ;
_c22 cm.
336 _atext
_btxt
_2rdacontent.
337 _aunmediated
_bn
_2rdamedia.
338 _avolume
_bnc
_2rdacarrier.
520 _aJazmin, an Afro-American teenager who lives with her older sister in a small Harlem apartment in the 1960s, finds strength in writing poetry and keeping a record of the events in her sometimes difficult life.
650 0 _aAfrican Americans
_vJuvenile fiction.
650 1 _aAuthorship
_vFiction.
650 1 _aPoetry
_vFiction.
650 1 _aDiaries
_vFiction.
650 1 _aSisters
_vFiction.
650 7 _aAfrican Americans.
_2fast
_0(OCoLC)fst00799558.
651 1 _aHarlem (New York, N.Y.)
_vFiction.
655 7 _aFiction.
_2fast
_0(OCoLC)fst01423787.
655 7 _aJuvenile works.
_2fast
_0(OCoLC)fst01411637.
776 0 8 _iOnline version:
_aGrimes, Nikki.
_tJazmin's notebook.
_b1st ed.
_dNew York : Puffin Books, 2000, ℗♭1998
_w(OCoLC)604070626.
776 0 8 _iOnline version:
_aGrimes, Nikki.
_tJazmin's notebook.
_b1st ed.
_dNew York : Puffin Books, 2000, ℗♭1998
_w(OCoLC)604070666.
901 _aljh
_bCATBL
901 _aMARS
908 4 _aPZ7.G88429
942 _2ddc
_cFIC
945 _a.b205274298
946 _am